Quizzes
Events
Quiz Creation
Community
Videos
Private Events
Remove Ads
Sign In
Join for FREE
Feedback
Dark Mode
Quiz Categories
Sports
Geography
Music
Movies
Television
Just For Fun
Miscellaneous
History
Literature
Language
Science
Gaming
Entertainment
Religion
Holiday
For Kids
Quiz Lab
Recent
Popular Today
Quiz Kudos Today
Editor Picks
Curator Picks
Quizzes by...
Day
Popularity
Type
Ratings
Length
Year
Community
Subscriptions
Recent Discussions
Orange Saloon
Badges
Playlists
Quests
Create
Leaderboards
Showdown
Live 5
Trivia Bingo
Activity
Puzzle Library
Sporcle Events
Private Events
Virtual Trivia
Globe League
Become a Host
Pub Owners
SporcleCon
Opinionation
Our Games
Videos
Blog
Mobile Apps
Partnerships
Remove Ads and Go Orange
Feedback
Miscellaneous
Crossword
General Knowledge
Baby Names
Logo
Food
Cars
Numbers
Grab Bag
University
College
Popular
Company
Slogans
Restaurants
Justice
Letter
Miscellaneous
Crossword
General Knowledge
Baby Names
Logo
Food
Cars
Numbers
Grab Bag
University
College
Popular
Company
Slogans
Restaurants
Justice
Letter
Random Quiz
Search Sporcle
×
Quiz Lab
Quiz Lab
Miscellaneous
Type in answers that appear in a list
Type in answers that appear in a list
Classic
Best Score? Go Orange.
Questionário 2 Stats
Can you name the Questionário 2?
By
alvin2011
20m
50 Questions
7 Plays
7 Plays
7 Plays
Comments
Comments
Give Quiz Kudos
Give Quiz Kudos
-
- Ratings
hide this ad
No Skip
Answers have to be entered in order without skipping
Answers have to be entered in order without skipping
Replay
Link that replays current quiz
Next Quiz
Link to next quiz in quiz playlist
You Got
0%
They Got
Avg Score
16%
Avg Friend Score
Upgrade to see
Score Distribution
Jump to the score distribution portion of the page
Score
0/50
Timer
20:00
0
Plays Today
Questões
Respostas
% Correct
?
???
100%
?
???
14.3%
?
???
14.3%
?
???
14.3%
?
???
14.3%
?
???
14.3%
?
???
14.3%
?
???
14.3%
?
???
14.3%
?
???
14.3%
?
???
14.3%
?
???
14.3%
?
???
14.3%
?
???
14.3%
?
???
14.3%
?
???
14.3%
?
???
14.3%
?
???
14.3%
?
???
14.3%
?
???
14.3%
?
???
14.3%
?
???
14.3%
?
???
14.3%
?
???
14.3%
?
???
14.3%
Questões
Respostas
% Correct
?
???
14.3%
?
???
14.3%
?
???
14.3%
?
???
14.3%
?
???
14.3%
?
???
14.3%
?
???
14.3%
?
???
14.3%
?
???
14.3%
?
???
14.3%
?
???
14.3%
?
???
14.3%
?
???
14.3%
?
???
14.3%
?
???
14.3%
?
???
14.3%
?
???
14.3%
?
???
14.3%
?
???
14.3%
?
???
14.3%
?
???
14.3%
?
???
14.3%
?
???
14.3%
?
???
14.3%
?
???
14.3%
Quiz Playlist
Details
Report
Send in Message
Add To Playlist
Classic:
Type in answers that appear in a list
No Skip:
Answers have to be entered in order without skipping
Last Updated: Feb 16, 2017
Quiz Scoreboard
CHALLENGE
Sign Up to Join the Scoreboard
Show All
Scores
Hide
Comments
May contain spoilers
Recently Published
Movies - When Are They Set?
by FPL_Elf
Movies
5m
Popular People in 1961
by mucciniale
History
6m
1-10 Letter E Words III
by El_Dandy
Language
2m
More to Explore
Quiz From the Vault
Featured Blog Post
Where Did the Easter Bunny Come From?
hide this ad
You Might Also Like...
Tags
This quiz does not have any tags.
Today's Top Quizzes in Miscellaneous
Browse Miscellaneous
hide this ad
Top Contributed Quizzes in Miscellaneous
1
The JOE quick-fire general knowledge quiz: Day 173
2
The JOE quick-fire general knowledge quiz: Day 172
3
Sunday Crossword: Famous Bodies of Water
4
The JOE quick-fire general knowledge quiz: Day 171
5
One Thing in Common: United Kingdom II
6
Named After an Animal - Odd One Out!
7
sort kpop groups by number of members
8
The JOE quick-fire quiz: Day 170
9
Sunday Crossword: Themeless #5
10
Lays Potato Chip Flavour Contest Finalists
Explore More
Trending Topics
Marvel
Disney
Crossword
Harry Potter
Anime
Kpop
NBA
WWE
NFL
Song
Pokémon
Puzzle
Soccer
The Office
Country
hide this ad
More By:
alvin2011
Quiz
Plays
Rating
Category
Featured
Created
Power Rangers by Color
3,654
2.83
Television
Sep 15, 2011
Power Rangers by Season
1,066
3.67
Television
Mar 1, 2011
power rangers villians
439
1.50
Television
May 3, 2011
Super Street Fighter Characters Rivals
353
1.00
Gaming
Feb 13, 2011
Super Street Fighter 4 Characters
311
3.00
Gaming
Oct 1, 2011
Go to Creator's Profile
Score Distribution
Quiz Creator Spotlight
alvin2011
Follow
Send a Message
Quizzes Created
-
Created Quiz Play Count
-
More By This Creator
Popular Quizzes Today
1
Find the US States - No Outlines Minefield
2
Find the Countries of Europe - No Outlines Minefield
3
The Countries of the World
4
Popular People in 1961
5
1-10 Letter E Words III
6
US States
7
Find the US States
8
One Thing in Common: World Cities II
More Miscellaneous Quizzes
Rainbow Crossword
Curator's Pick
Trending Quizzes
Risky Map Clicking: Least Populous States A-Z
1-10 Letter F Words
1-10 Letter G Words
One Thing in Common: United Kingdom
Risky Map Clicking: Next State Alphabetically
Recently Updated
Leaping Animals
pecheneg
Reality TV Shows (A-Z)
bhenderson79
Rickey Henderson's Hall of Fame Teammates
pecheneg
Champions League XIs: Arsenal
pecheneg
Quick Pick: Celebrities in WWE's Hall of Fame
aduchscher
A-Z Keypad Blitz II
pecheneg
Multiple Oscar Actors
pecheneg
Mystery Phrase Blitz: Oscar 'Best Actors'
pecheneg
F. Scott Fitzgerald Novels
LTH
Pick 3 Villains
ddd62291
Trending Topics
Disney
Harry Potter
Kpop
Anime
Marvel
Crossword
NBA
The Office
Song
Country
NFL
WWE
Soccer
Puzzle
Pokémon
Your Account Isn't Verified!
In order to create a playlist on Sporcle, you need to verify the email address you used during registration. Go to your
Sporcle Settings
to finish the process.
Report this User
Report this user for behavior that violates our
Community Guidelines
.
Details:
Send Report
Go to the Sporcle.com Mobile Site →
Comments